EEG Mapping Process of Decision Making
Autori príspevku ponúkajú cestu k lepšiemu porozumeniu procesu rozhodovania pri použií elektroencephalografu. Pokúšajú sa identifikovať, čo sa deje v ľudskom mozgu v každom kroku rozhodovacieho procesu.
Salvato in:
| Autore principale: | |
|---|---|
| Altri autori: | , |
| Natura: | Capitolo di libro |
| Lingua: | inglese |
| Soggetti: | |
| Tags: |
Nessun Tag, puoi essere il primo ad aggiungerne!!
|
MARC
| LEADER | 00000naa a2200000 4500 | ||
|---|---|---|---|
| 001 | 0225088 | ||
| 005 | 20240502083600.7 | ||
| 041 | 0 | |a eng | |
| 044 | |a PL | ||
| 245 | 1 | 0 | |a EEG Mapping Process of Decision Making |c Štefan Majtán, Róbert Šlosár, Peter Štetka |
| 520 | |a Autori príspevku ponúkajú cestu k lepšiemu porozumeniu procesu rozhodovania pri použií elektroencephalografu. Pokúšajú sa identifikovať, čo sa deje v ľudskom mozgu v každom kroku rozhodovacieho procesu. | ||
| 610 | 2 | 0 | |a spotrebitelia |
| 610 | 2 | 0 | |a rozhodovanie |
| 610 | 2 | 0 | |a medicína |
| 610 | 2 | 0 | |a prístroje |
| 100 | 1 | |a Majtán, Štefan | |
| 700 | 1 | |a Šlosár, Róbert | |
| 700 | 1 | |a Štetka, Peter, 1986- | |